Statistiken für Star Wars Hauptcharaktere

Klicken Sie hier um das Quiz zu spielen!

Allgemein

  • Dieses Quiz wurde 3.559 mal gespielt
  • Das Durchschnittsergebnis liegt bei 16 aus 27

Antwortstatistiken

HintAntwort% Korrekt
ProtagonistLuke Skywalker
96%
ProtagonistObi-Wan Kenobi
94%
ProtagonistAnakin Skywalker
91%
AntagonistDarth Vader
91%
ProtagonistYoda
89%
ProtagonistHan Solo
86%
ProtagonistRey Skywalker
79%
AntagonistDarth Maul
74%
ProtagonistMace Windu
71%
ProtagonistPadme Amidala
71%
ProtagonistR2-D2
71%
ProtagonistC-3PO
69%
ProtagonistLeia Organa
67%
ProtagonistChewbacca
66%
AntagonistKylo Ren
63%
AntagonistDarth Sidious
62%
ProtagonistFinn
54%
AntagonistCount Dooku
53%
AntagonistGeneral Grievous
44%
ProtagonistQui-Gon Jinn
36%
AntagonistSnoke
34%
ProtagonistPoe Dameron
33%
ProtagonistLando Calrissian
31%
ProtagonistBB-8
28%
AntagonistMoff Tarkin
21%
AntagonistGeneral Hux
17%
AntagonistJabba der Hutte
12%

Verteilung der Resultate

Perzentil nach korrekt beantworteten Fragen

Anzahl Personen mit jedem Resultat

Ihre Resultats-Entwicklung

Sie haben dieses Quiz noch nicht gespielt